| 000 | 01325nam0a2200337 4500 | ||
|---|---|---|---|
| 001 | RU\NLR\BIBL_A\012704286 | ||
| 005 | 20250624123322.0 | ||
| 010 |
_a978-5-98635-121-6 _91000 |
||
| 021 |
_aRU _b2021-73472 _9КН-П-5837 |
||
| 035 | _a(RuMoRGB)010848181 | ||
| 035 | _a(NLR Aleph) 012704286 | ||
| 090 |
_a12888909 _c12888909 |
||
| 100 | _a20220210d2021 |||y0rusy50 ca | ||
| 101 | 0 | _arus | |
| 102 | _aRU | ||
| 105 | _ach z 000zy | ||
| 181 | 0 |
_ai3 _baxxe |
|
| 182 | 0 | _an | |
| 200 | 1 |
_aШагнувшие в бессмертие _fАлександр Веретин, Виктор Кокосов |
|
| 203 |
_aТекст _bвизуальный _cнепосредственный |
||
| 210 |
_aСанкт-Петербург _cЛадога _d2021 |
||
| 215 |
_a207, [1] с. _cпортр., факс. _d20 |
||
| 320 | _aБиблиогр. в подстроч. примеч. | ||
| 606 | 1 |
_aЛенинградская битва _xГерои и героизм _z1941 - 1944 _92576391 _3RU\NLR\AUTH\661523293 |
|
| 686 | 1 | _aЦ35(2)722.11(2Р-4Ле-2Ленинград)-424д | |
| 700 | 1 |
_aВеретин _bА. И. _gАлександр Иванович |
|
| 701 | 1 |
_aКокосов _bВ. Н. _f1963- _gВиктор Николаевич |
|
| 942 | _cBOOK | ||
| 980 | _aNB | ||